[Event "Matanzas op"]
[Site "Cuba"]
[Date "1997.??.??"]
[Round "7"]
[White "Vazquez, Renier"]
[Black "Almeida, Omar"]
[Result "1/2-1/2"]
[WhiteElo "2360"]
[BlackElo "2320"]

1.e4 c5 2.Nf3 d6 3.Bb5+ Bd7 4.Bxd7+ Qxd7 5.c4 Nc6 6.O-O g6 7.d4 cxd4 8.Nxd4 Bg7
9.Be3 Nf6 10.f3 O-O 11.Nc3 Rfc8 12.Nde2 Qd8 13.b3 a6 14.Qd2 Qa5 15.a4 Nd7
16.Rab1 Qd8 17.Rfd1 Na5 18.Nd5 Nc5 19.Nxe7+ Qxe7 20.Qxa5 f5 21.Qd2 fxe4 22.Qxd6 Qxd6
23.Rxd6 exf3 24.gxf3 Bf8 25.Rd5 Re8 26.Kf2 Rac8 27.a5 Rcd8 28.Rxd8 Rxd8 29.Nf4 Bh6
30.Nd5 Bxe3+ 31.Kxe3 Re8+ 32.Kd4 Ne6+ 33.Kd3 Rf8 34.Ke3 Ng7 35.Rd1 Nf5+ 36.Kf2  1/2-1/2

[Event "MSS-ch"]
[Site "CZE"]
[Date "1997.??.??"]
[Round "?"]
[White "Svancer, B."]
[Black "Bacak, P."]
[Result "1/2-1/2"]
[WhiteElo "1995"]
[BlackElo "1750"]

1.e4 c5 2.Nf3 d6 3.Bb5+ Bd7 4.Bxd7+ Nxd7 5.d4 cxd4 6.Qxd4 Qb6 7.Be3 Qxd4
8.Bxd4 Ngf6 9.Nc3 a6 10.a4 e6 11.O-O Be7 12.Nd2 O-O 13.Rfe1 Rac8 14.f3 Ne8
15.Nf1 Bf6 16.Red1 Rc6 17.Bxf6 Ndxf6 18.Ne3 Nc7 19.Rd2 Rd8 20.Rad1 Kf8 21.Ne2 Nce8
22.c4 Ke7 23.b4 Rdc8 24.g4 Nd7 25.f4 R6c7 26.Kf2 Nb6  1/2-1/2

[Event "CZE-chT1a 9697"]
[Site "CZE"]
[Date "1997.??.??"]
[Round "?"]
[White "Hallerova, Eva"]
[Black "Sejkora, Vlastimil"]
[Result "0-1"]
[WhiteElo "2155"]
[BlackElo "2265"]

1.e4 c5 2.Nf3 d6 3.Bb5+ Bd7 4.Bxd7+ Qxd7 5.O-O Nc6 6.c3 Nf6 7.Re1 e6 8.d4 cxd4
9.cxd4 d5 10.e5 Ng8 11.Nc3 Bb4 12.Bd2 Bxc3 13.Bxc3 Nge7 14.Nh4 h5 15.Qd2 g6
16.Rac1 Nf5 17.Nxf5 gxf5 18.Bb4 Qd8 19.Bd6 Rg8 20.f4 Rc8 21.Rc3 Kd7 22.Rec1 Qa5
23.b4 Qa4 24.Rc5 a6 25.Kh1 h4 26.Rb1 b6 27.Rc3 Na7 28.Rcc1 Rxc1+ 29.Rxc1 Rc8
30.Rxc8 Nxc8 31.Bf8 Qc6 32.h3 Qc4 33.Qf2 Ke8 34.Bg7 Ne7 35.Qxh4 Qxd4 36.Qh8+ Kd7
37.Qf8 Qxf4 38.Bf6 Qf1+ 39.Kh2 Qf4+ 40.Kh1 Qc1+ 41.Kh2 Qf4+ 42.Kh1 Qxb4 43.Qb8 Qc5
44.Qb7+ Ke8 45.Bxe7 Qxe7 46.Qxb6 Qh4 47.Qb8+ Qd8 48.Qb7 d4 49.Qxa6 Qd5 50.Qc8+ Ke7
51.Qc7+ Kf8 52.Qc2 Qxe5 53.Qd2 Qc5 54.Qg5 Ke8 55.Qg8+ Ke7 56.Qg5+ Kd7 57.Qf6 Qc1+
58.Kh2 Qf4+ 59.Kh1 Ke8 60.Qh8+ Ke7 61.Qc8 Qd6 62.Qc1 d3 63.Qd2 e5 64.a4 e4
65.a5 f4 66.Qe1 e3 67.Qh4+ Qf6 68.Qh5 e2 69.Qc5+ Qd6 70.Qg5+ Kf8 71.Qh4 d2  0-1

[Event "CZE-chT2 9697"]
[Site "CZE"]
[Date "1997.??.??"]
[Round "?"]
[White "Voloshin, Leonid"]
[Black "Jirovsky, Milos"]
[Result "1/2-1/2"]
[WhiteElo "2430"]
[BlackElo "2505"]

1.e4 c5 2.Nf3 d6 3.Bb5+ Bd7 4.Bxd7+ Qxd7 5.O-O Nf6 6.Re1 Nc6 7.d3 g6 8.h3 Bg7
9.c3 O-O 10.d4 b6 11.Nbd2 e5 12.Nc4 Ne8 13.Qb3 Nc7 14.Ne3 Rad8 15.Nd5  1/2-1/2

[Event "CZE-chT2 9697"]
[Site "CZE"]
[Date "1997.??.??"]
[Round "?"]
[White "Boukal, Petr"]
[Black "Jedlicka, Ales"]
[Result "1-0"]
[WhiteElo "2255"]
[BlackElo "2160"]

1.e4 c5 2.Nf3 d6 3.Bb5+ Bd7 4.Bxd7+ Nxd7 5.O-O Ngf6 6.Re1 e6 7.b3 Be7 8.Bb2 O-O
9.a4 Qc7 10.Na3 a6 11.e5 Ne8 12.Nc4 d5 13.Ne3 f6 14.exf6 Bxf6 15.d4 Nd6 16.Ng4 Ne4
17.Nxf6+ Ndxf6 18.Ne5 cxd4 19.Bxd4 Rac8 20.Rc1 Nc3 21.Bxc3 Qxc3 22.f3 Rfd8
23.Qe2 Qd4+ 24.Kh1 Rc3 25.Rcd1 Qb6 26.Qd2 Rdc8 27.Nc4 R3xc4 28.bxc4 Rxc4
29.a5 Qc6 30.Qe3 Kf7 31.Rb1 Rxc2 32.Rb6 Qd7 33.Rxe6 Rc7 34.g4 h6 35.h4 d4
36.Qd3 Qd5 37.h5 Qg5 38.Qb3  1-0

[Event "CZE-chT2 9697"]
[Site "CZE"]
[Date "1997.??.??"]
[Round "?"]
[White "Boukal, Petr"]
[Black "Belaska, Premysl"]
[Result "1-0"]
[WhiteElo "2255"]
[BlackElo "2265"]

1.e4 c5 2.Nf3 d6 3.Bb5+ Bd7 4.Bxd7+ Nxd7 5.O-O g6 6.Qe2 Bg7 7.c3 Ngf6 8.d4 e5
9.dxe5 dxe5 10.Bg5 O-O 11.c4 Re8 12.Nc3 h6 13.Be3 Qb6 14.Rfd1 Rad8 15.Nd2 Kh7
16.Rab1 Qc6 17.Nd5 Nf8 18.Qf3 b6 19.a3 Rd7 20.b4 Ng8 21.bxc5 bxc5 22.Rb5 Ne6
23.Nb3 Bf8 24.h3 Rc8 25.Na5 Qa6 26.Nf6+ Nxf6 27.Rxd7 Nxd7 28.Qxf7+ Bg7 29.Qxd7 Rc7
30.Qd5 Qc8 31.Rb7 Nf4 32.Bxf4 exf4 33.Rxc7 Qxc7 34.Nb3 Qb8 35.Nxc5 Qb1+ 36.Kh2 Qb2
37.Nd3 Qe2 38.e5 g5 39.Qf3  1-0

[Event "CZE-chT1c 9697"]
[Site "CZE"]
[Date "1997.??.??"]
[Round "?"]
[White "Kolin, Julius"]
[Black "Civin, Tomas"]
[Result "0-1"]
[WhiteElo "2205"]
[BlackElo "2235"]

1.e4 c5 2.Nf3 d6 3.Bb5+ Bd7 4.Bxd7+ Qxd7 5.d4 cxd4 6.Nxd4 Nf6 7.Nc3 g6 8.O-O Nc6
9.Bg5 Bg7 10.Nxc6 bxc6 11.Qd2 Rb8 12.b3 Qe6 13.Rae1 Ng4 14.h3 Qe5 15.hxg4 Qxc3
16.Qxc3 Bxc3 17.Rd1 h5 18.Rd3 Bg7 19.gxh5 Rxh5 20.Be3 Kd7 21.f4 Ke6 22.Re1 a6
23.Kf2 Ra5 24.a4 Rh5 25.Bd4 Bxd4+ 26.Rxd4 Rc5 27.Rd2 Rh8 28.Re3 Rh4 29.Kf3 g5
30.g3 Rh1 31.Rf2 gxf4 32.Kxf4 Rh6 33.Kg4 Rg6+ 34.Kh3 Rh5+ 35.Kg2 Rgh6 36.Kf1 Rh1+
37.Ke2 Rg1 38.Rf5 Rh2+ 39.Kd3 Rd1+ 40.Kc3 c5 41.Rd3 Re1 42.Kb2 Rxe4 43.Rg5 c4
44.Rc3 cxb3 45.Kxb3 Rh8 46.Rc6 Rb8+ 47.Ka3 Re1 48.Ka2 Reb1 49.Ra5 R8b2+ 50.Ka3 Rb6
51.Rxb6 Rxb6 52.c4 Rc6 53.Kb4 f5 54.Rd5 Kf6 55.Rd3 e6 56.Rd1 Kg5 57.Re1 e5
58.Re3 f4 59.Rd3 fxg3 60.Rxg3+ Kf4 61.Rg6 Ke4 62.Kc3 a5 63.Rh6 Rb6 64.Rh4+ Kf5
65.Rh6 Ra6 66.Kd3 Rc6 67.Kc3 Rb6 68.c5 Rc6 69.Kd3 e4+ 70.Ke3 Rxc5 71.Rxd6 Ke5
72.Ra6 Rc3+ 73.Ke2 Kd4 74.Rxa5 Rc2+ 75.Kd1 Ra2 76.Ra8 Kd3 77.Rd8+ Ke3 78.Rh8 Ra1+
79.Kc2 Rxa4 80.Rh3+ Kf2 81.Rh2+ Kg3 82.Rh8 Rd4 83.Rg8+ Kf2 84.Rf8+ Ke2 85.Rh8 Rc4+
86.Kb3 Rc7 87.Rh2+ Kd3 88.Rh3+ e3 89.Kb2 Kd2  0-1

[Event "MSS-ch"]
[Site "CZE"]
[Date "1997.??.??"]
[Round "?"]
[White "Virostko, Petr"]
[Black "Tomes, Pavel"]
[Result "1/2-1/2"]
[WhiteElo "2105"]
[BlackElo "1920"]

1.e4 c5 2.Nf3 d6 3.Bb5+ Bd7 4.Bxd7+ Nxd7 5.c4 Ngf6 6.Nc3 g6 7.d4 cxd4 8.Nxd4 Bg7
9.b3 Qa5 10.Bd2 Nxe4 11.Nxe4 Qe5 12.Qe2 Qxd4 13.Rd1 O-O 14.Bc3 Qb6 15.O-O Rfe8
16.Rfe1 Bxc3 17.Nxc3 Nf6 18.Rd3 Rad8 19.Qd2 Qc5 20.Nd5 Nxd5 21.Rxd5 Qc7 22.Rd1 b6
23.h4 Qc8 24.Qh6 Qe6 25.R1d3 Qf6 26.h5 Rc8 27.Rh3 Qg7 28.hxg6 hxg6 29.Qd2 Rc5
30.Rxc5 bxc5 31.Rh4 Qa1+ 32.Kh2 Qe5+ 33.g3 Rd8 34.Qa5 Ra8 35.Qd2 Qf6 36.Kg2 Qe5
37.Rh1 Qf6 38.Re1 Kg7 39.Rh1 Kg8 40.Re1 Re8 41.Qa5 e5 42.Qxa7 e4 43.Rxe4 Rxe4
44.Qa8+ Kg7 45.Qxe4 Qb2 46.Qa8 g5 47.Qd5 Qa3 48.Qxd6 Qa5 49.Qc6 Qa7 50.Qe4 Qc7
51.Qe3 f6 52.Qe6 Qb7+ 53.Kh3 Qh1+ 54.Kg4 Qd1+ 55.f3 Qd8 56.Kh3 Qh8+ 57.Kg2 Qd8
58.g4 Qd2+ 59.Kg3 Qf4+ 60.Kg2 Qd2+ 61.Kh3 Qf2  1/2-1/2

[Event "CZE-chT1b 9697"]
[Site "CZE"]
[Date "1997.??.??"]
[Round "?"]
[White "Zahorbensky, Jaroslav"]
[Black "Vavra, Radim"]
[Result "1-0"]
[WhiteElo "2155"]
[BlackElo "2155"]

1.e4 c5 2.Nf3 d6 3.Bb5+ Bd7 4.Bxd7+ Qxd7 5.O-O Nc6 6.c3 Nf6 7.Re1 Qc7 8.d4 e6
9.Na3 a6 10.Bf4 e5 11.Bg5 Be7 12.dxe5 dxe5 13.Nc4 O-O 14.Bxf6 Bxf6 15.Ne3 Ne7
16.Qe2 Rad8 17.c4 Nc6 18.Nd5 Qd6 19.Rad1 Nd4 20.Nxd4 cxd4 21.Rd3 Rd7 22.Qg4 Bd8
23.Rh3 g6 24.Rd3 f5 25.Qe2 Rdf7 26.f3 f4 27.b4 g5 28.Rc1 h5 29.c5 Qg6 30.Ra3 g4
31.c6 gxf3 32.Qxf3 bxc6 33.Rxa6 Qg4 34.Rcxc6 Qxf3 35.gxf3 Rg7+ 36.Rg6 d3
37.Kf1 Bh4 38.Rxg7+ Kxg7 39.Ra3 Rc8 40.Rc3 Ra8 41.a3 d2 42.Ke2 Be1 43.Kd1 h4
44.h3 Kf7 45.b5 Rb8 46.b6 Bf2 47.Rc7+ Ke6 48.Kxd2  1-0

[Event "Moravia-chT 9798"]
[Site "CZE"]
[Date "1997.??.??"]
[Round "2.2"]
[White "Cempel, Jaroslav"]
[Black "Vyskocil, Neklan"]
[Result "1-0"]
[WhiteElo "2270"]
[BlackElo "2330"]

1.e4 c5 2.Nf3 d6 3.Bb5+ Bd7 4.Bxd7+ Qxd7 5.O-O Nf6 6.e5 dxe5 7.Nxe5 Qc7 8.Qe2 e6
9.Qb5+ Nbd7 10.Nxd7 Nxd7 11.Nc3 a6 12.Qe2 Nf6 13.d3 Bd6 14.h3 O-O-O 15.Ne4 Be5
16.Re1 Nxe4 17.Qxe4 Rd5 18.Qf3 Bh2+ 19.Kh1 Rf5 20.Qe2 Bf4 21.Bxf4 Qxf4 22.f3 h5
23.Qe3 Qd6 24.Rad1 Rd8 25.Qg1 g5 26.Re4 Rd5 27.Rde1 Rg8 28.Qh2 Qc6 29.Qg3 Rg6
30.Re5 Rxe5 31.Qxe5 g4 32.Qxh5 gxf3 33.gxf3 Rg3 34.Re4 Rg6 35.Rf4 Qc7 36.Qh8+  1-0

[Event "Moravia-chT 9798"]
[Site "CZE"]
[Date "1997.??.??"]
[Round "2.4"]
[White "Fuksik, Jakub"]
[Black "Blazkova, Petra"]
[Result "1-0"]
[WhiteElo "2270"]
[BlackElo "2255"]

1.e4 c5 2.Nf3 d6 3.Bb5+ Bd7 4.Bxd7+ Qxd7 5.c4 Nc6 6.Nc3 Ne5 7.Nxe5 dxe5 8.O-O e6
9.Qh5 Bd6 10.d3 O-O-O 11.Be3 g6 12.Qe2 f5 13.b4 cxb4 14.Nb5 Bb8 15.exf5 exf5
16.Bxa7 Qe6 17.d4 Bxa7 18.Nxa7+ Kb8 19.d5 Qf6 20.Nb5 Ne7 21.Qb2 f4 22.Qxb4 Nc8
23.Rab1 Qf7 24.Rb3 Qd7 25.Rfb1 e4 26.Nd4 Nd6 27.c5  1-0

[Event "CZE-chT 9697"]
[Site "CZE"]
[Date "1997.??.??"]
[Round "2"]
[White "Velicka, Petr"]
[Black "Trichkov, Vasil"]
[Result "1-0"]
[WhiteElo "2405"]
[BlackElo "2365"]

1.e4 c5 2.Nf3 d6 3.Bb5+ Bd7 4.Bxd7+ Qxd7 5.c4 Qg4 6.O-O Qxe4 7.d4 cxd4 8.Nxd4 e5
9.Re1 Qh4 10.Nc3 Qd8 11.Ne4 Nf6 12.Bg5 Be7 13.Nf5 Nxe4 14.Nxg7+ Kd7 15.Bxe7 Qxe7
16.Rxe4 Qf6 17.Nh5 Qf5 18.c5 Kc8 19.Qe2 Nc6 20.cxd6 Rd8 21.Rc1 Kb8 22.Rxc6 bxc6
23.Ng3 Qg6 24.Rb4+ Kc8 25.Ne4 Rxd6 26.Qa6+ Kd7 27.Rb7+ Ke8 28.Nxd6+ Qxd6
29.h3 Qc5 30.Rc7 Qc1+ 31.Qf1 Qxb2 32.Qc4 Qb1+ 33.Kh2 Qg6 34.Rxc6 Qf5 35.Rc5 Qf4+
36.Qxf4 exf4 37.Rc4 f3 38.g4 Rb8 39.Ra4 Rb7 40.Kg3 Rc7 41.Kxf3 Ke7 42.Ke4 Ke6
43.Ra6+ Ke7 44.g5 Kf8 45.Kf5 Rc5+ 46.Kg4 Rc7 47.h4 Rc4+ 48.f4 h5+ 49.Kxh5 Rxf4
50.Rf6 Rxf6 51.gxf6 Kg8 52.Kg4 Kh7 53.Kg5 Kg8 54.Kf4 Kh7 55.Ke4 Kh6 56.Kd5 Kg6
57.Ke5 a6 58.a3 a5 59.a4  1-0

[Event "CZE-chT2 9798"]
[Site "CZE"]
[Date "1997.??.??"]
[Round "4.4"]
[White "Sejkora, Vlastimil"]
[Black "Novacek, Jan"]
[Result "1/2-1/2"]
[WhiteElo "2260"]
[BlackElo "2130"]

1.e4 c5 2.Nf3 d6 3.Bb5+ Nc6 4.O-O a6 5.Bxc6+ bxc6 6.d3 e5 7.Nbd2 Be7 8.Nc4 Be6
9.Bd2 Bxc4 10.dxc4 Nf6 11.Qe2 O-O 12.Rad1 Ne8 13.g4 Qb8 14.b3 Nc7 15.Be3 Ne6
16.Ne1 Nd4 17.Bxd4 cxd4 18.Nd3 Bg5 19.Kg2 Re8 20.f3 Qb7 21.Kg3 Be3 22.h4 a5
23.a4 d5 24.Ne1 h5 25.Ng2 Bf4+ 26.Kh3 Qa6 27.Nxf4 exf4 28.Rxd4 hxg4+ 29.fxg4 Qb6
30.Qf2 c5 31.Rxd5 Rxe4 32.Qxc5 Re3+ 33.Kh2 Qg6 34.Rd3 Rxd3 35.cxd3 Qxg4 36.Qg5 Qe2+
37.Qg2 Qe8 38.Rxf4 Ra6 39.Rg4 Qe5+ 40.Qg3 Qe2+ 41.Qg2 Qe5+ 42.Kh3 f5 43.Rg5 Rd6
44.Qg3 Qf6 45.Qe3 Qd8 46.d4 Qd7 47.Qe5 Rxd4 48.Qb8+ Kf7 49.Qe5 Rd3+ 50.Kh2 Rd2+
51.Rg2 g6 52.Qg3 Rxg2+ 53.Kxg2 Qd2+ 54.Kh3 Qd1 55.Kh2 Qe2+ 56.Kg1 Qd1+  1/2-1/2

[Event "CZE-chT 9697"]
[Site "CZE"]
[Date "1997.??.??"]
[Round "9"]
[White "Houser, Pavel"]
[Black "David, Pavel"]
[Result "1/2-1/2"]
[WhiteElo "2345"]
[BlackElo "2415"]

1.e4 c5 2.Nf3 d6 3.Bb5+ Bd7 4.Bxd7+ Qxd7 5.O-O Nf6 6.e5 dxe5 7.Nxe5 Qc8 8.d4 e6
9.Bg5 Nc6 10.Bxf6 gxf6 11.Nf3 Qd7 12.dxc5 Qxd1 13.Rxd1 Bxc5 14.Nbd2 O-O-O
15.a3 a5 16.c3 a4 17.Ne4 Be7 18.c4 Na5 19.Nc3 Nb3 20.Rxd8+ Rxd8 21.Rd1 Rxd1+
22.Nxd1 Na5 23.Nd2 f5 24.f4 Bf6 25.Kf2 Kc7 26.Ke3 Kc6 27.Kd3 Kc5 28.Nc3 Bxc3
29.Kxc3 f6 30.g4 Nxc4 31.Nxc4 fxg4 32.Kd3 h5 33.Ne3 f5 34.Ng2 Kd5 35.Ne3+ Kd6
36.Kd4 h4 37.Nc4+ Kc6 38.Ne5+  1/2-1/2

[Event "Decin op"]
[Site "Decin"]
[Date "1997.??.??"]
[Round "5"]
[White "Kubala, Petr"]
[Black "Pres, Grigorii"]
[Result "1-0"]
[WhiteElo "2260"]
[BlackElo "2335"]

1.e4 c5 2.Nf3 d6 3.Bb5+ Nd7 4.O-O a6 5.Bxd7+ Qxd7 6.d4 b6 7.Nc3 e6 8.Qe2 Ne7
9.Rd1 Qc7 10.Bf4 Ng6 11.Bg3 c4 12.a4 Bd7 13.Nd2 Rc8 14.f4 Ne7 15.f5 g6 16.f6 Ng8
17.e5 dxe5 18.Bxe5 Qc6 19.Nde4 h5 20.d5 Qb7 21.Bd6 Qa8 22.dxe6 Bxe6 23.Ng5 Bxd6
24.Rxd6 Kf8 25.Nxe6+ fxe6 26.Qxe6 Re8 27.Qxc4 Rh7 28.Rxb6 Nh6 29.Nd5 Nf5
30.Nf4 Nh4 31.Rc6 Qa7+ 32.Qc5+ Qxc5+ 33.Rxc5 Rd7 34.g3 g5 35.gxh4 gxf4 36.Rxh5 Rd2
37.Rh8+ Kf7 38.Rxe8 Kxe8 39.Rf1 Rxc2 40.Rxf4 Kf7 41.b4 Ra2 42.a5 Rc2 43.h5 Rd2
44.h6 Rd8 45.h7 Rh8 46.Rh4 Kxf6 47.Kf2 Kg5 48.Kg3 Kf5 49.Rh5+ Kg6 50.Kg4 Kf6
51.Rh6+ Kg7 52.Kg5  1-0

[Event "Decin op"]
[Site "Decin"]
[Date "1997.??.??"]
[Round "5"]
[White "Chernyshov, Konstantin"]
[Black "Krapivin, Vladislav"]
[Result "1/2-1/2"]
[WhiteElo "2445"]
[BlackElo "2300"]

1.e4 c5 2.Nf3 d6 3.Bb5+ Bd7 4.a4 Nf6 5.e5 dxe5 6.Nxe5 Qc7 7.Qe2 e6 8.Na3 Nc6
9.Bxc6 Bxc6 10.Nxc6 Qxc6 11.Qb5 Rc8 12.Nc4 Nd7 13.O-O a6 14.Qxc6 Rxc6 15.d3 Bd6
16.Bd2 O-O 17.b4 Be7 18.b5 Rcc8 19.bxa6 bxa6 20.Bf4 Nf6 21.Rab1 Nd5 22.Bd2 Rb8
23.Ne5 Rfc8 24.Nc6 Rxb1 25.Nxe7+ Nxe7 26.Rxb1 c4 27.Rb7 cxd3 28.cxd3 Kf8
29.Kf1 Nd5 30.Ra7 Rc6 31.Ke2 h5 32.h3 g6 33.a5 Kg7 34.Be3 Kf6 35.g4 hxg4
36.hxg4 g5 37.Kf3 Kg6 38.Ra8 f6 39.Ke2 Kf7 40.Ra7+ Kg6 41.Kd2 Kh6 42.Bd4 Kg6
43.Rd7 Nb4 44.Rb7 Nd5 45.f3 Kh6 46.Rd7  1/2-1/2

[Event "Decin op"]
[Site "Decin"]
[Date "1997.??.??"]
[Round "7"]
[White "Chernyshov, Konstantin"]
[Black "Zakharov, Alexander V"]
[Result "0-1"]
[WhiteElo "2445"]
[BlackElo "2385"]

1.e4 c5 2.Nf3 d6 3.Bb5+ Bd7 4.a4 Nc6 5.O-O Nf6 6.Re1 e5 7.c3 Be7 8.d4 cxd4
9.cxd4 O-O 10.Nc3 Bg4 11.Bxc6 bxc6 12.dxe5 Bxf3 13.Qxf3 dxe5 14.Bg5 Rb8 15.Re2 h6
16.Bh4 Nd7 17.Bxe7 Qxe7 18.Rc2 Nc5 19.Ne2 Nb3 20.Rd1 Rfd8 21.Re1 Qb4 22.Qc3 Rd2
23.Rxd2 Nxd2 24.Nc1 Qxc3 25.bxc3 Nc4 26.f3 a5 27.Kf2 Nb2 28.Ke3 Nxa4 29.Nd3 f6
30.Kd2 Nb6 31.Ra1 Nc4+ 32.Ke2 Rb5 33.Ra4 Nb6 34.Ra2 a4 35.c4 Nxc4 36.Rxa4 Nb2
37.Ra8+ Kf7 38.Ra7+ Kg6 39.Ne1 Nc4 40.Nc2 Rb2 41.Kd3 Nd6 42.Ne3 Rb3+ 43.Kd2 Nb5
44.Rd7 Nd4 45.Nc4 Rb4 46.Kc3 Rb1 47.Ne3 h5 48.Re7 Ra1 49.Rd7 Ra3+ 50.Kd2 Nb3+
51.Ke2 Ra2+ 52.Kf1 Nd4 53.Nc4 h4 54.h3 Ra1+ 55.Kf2 Ra2+ 56.Kf1 Ne2 57.Rc7 Ng3+
58.Kg1 Ra1+ 59.Kf2 Ra2+ 60.Kg1 Ra6 61.Kf2 Nh5 62.Rb7 Ra2+ 63.Rb2 Rxb2+ 64.Nxb2 Kf7
65.Nc4 Ke6 66.Ne3 g6 67.Nc4 Nf4 68.g3 hxg3+ 69.Kxg3 c5 70.h4 Kd7 71.Kf2 Kc6
72.Ne3 Nh5 73.Ng4 Kb5 74.f4 exf4 75.e5 f5 76.Nh2 Kc6 77.Nf3 Kd5 78.Ke2 Ng7
79.Kd3 Ne6 80.Kc3 Nd4 81.Ne1 Nb5+ 82.Kb3 c4+ 83.Kb4 Nd4 84.Ng2 f3 85.Nf4+ Ke4
86.Nh3 Nc6+ 87.Kxc4 Nxe5+  0-1

[Event "Neckar op 1st"]
[Site "Deizisau"]
[Date "1997.??.??"]
[Round "4"]
[White "Keller, Wolfgang"]
[Black "Kulaots, Kaido"]
[Result "1/2-1/2"]
[WhiteElo "2160"]
[BlackElo "2400"]

1.e4 c5 2.Nf3 d6 3.Bb5+ Nd7 4.c3 Nf6 5.Qe2 e5 6.d4 Qc7 7.O-O Be7 8.dxe5 dxe5
9.c4 O-O 10.Bxd7 Bxd7 11.Bg5 Bc6 12.Bxf6 Bxf6 13.Nc3 Rfd8 14.Rfd1 Be7 15.Rxd8+ Rxd8
16.Rd1 f6 17.Ne1 Qb6 18.Rxd8+ Qxd8 19.Nc2  1/2-1/2

[Event "DEN-chT 9697"]
[Site "?"]
[Date "1997.??.??"]
[Round "6"]
[White "Nielsen, Uffe V"]
[Black "Bang, Andreas"]
[Result "1/2-1/2"]
[WhiteElo "2390"]
[BlackElo "2280"]

1.e4 c5 2.Nf3 d6 3.Bb5+ Nd7 4.c3 Nf6 5.Qe2 a6 6.Ba4 b5 7.Bc2 e5 8.d4 Be7
9.O-O O-O 10.a4 Rb8 11.Rd1 Qc7 12.dxe5 Nxe5 13.h3 Bd7 14.Nbd2 Bc6 15.Nxe5 dxe5
16.axb5 axb5 17.Nf1 Rfd8 18.Bg5 h6 19.Bxf6 Bxf6 20.Ne3 Bg5 21.Nd5 Qb7 22.Qf3 g6
23.g3 f5 24.h4 Bxd5 25.exd5 e4 26.Qe2 Bf6 27.h5 g5 28.g4 Rxd5 29.Bb3 c4 30.Bxc4 bxc4
31.Qxc4 Rd8 32.Ra5 Qc8 33.Qa2 f4 34.Rdxd5 Qxg4+ 35.Kf1 Kh8 36.Rxd8+ Bxd8
37.Rd5 Qh3+ 38.Ke1 Qh1+ 39.Kd2 e3+ 40.fxe3 fxe3+ 41.Kxe3 Bb6+ 42.Kd3 Qf1+
43.Kc2 Qg2+ 44.Rd2 Qe4+ 45.Kb3 Qb7 46.Qa4 Be3+ 47.Kc2 Bxd2 48.Qd4+ Kg8 49.Qxd2 Qe4+
50.Qd3 Qg2+ 51.Kc1 Qh1+ 52.Qd1 Qe4 53.Qd8+ Kf7 54.Qd7+ Kg8 55.b4 g4 56.b5 Qf4+
57.Kb2 g3 58.Qe8+ Kg7 59.Qg6+ Kf8 60.b6 Qd2+ 61.Kb3 g2 62.Qf6+ Ke8 63.Qe6+ Kd8
64.Qg8+ Ke7 65.Qg7+ Ke6 66.b7 Qd1+ 67.Kb2 Qd2+ 68.Kb3 Qd1+  1/2-1/2

[Event "DEN-chT 9697"]
[Site "?"]
[Date "1997.??.??"]
[Round "7"]
[White "Ochsner, Thomas"]
[Black "Fuglsang, Flemming"]
[Result "1-0"]
[WhiteElo "2335"]
[BlackElo "2285"]

1.e4 c5 2.Nf3 d6 3.Bb5+ Bd7 4.Bxd7+ Qxd7 5.O-O Nf6 6.Re1 Nc6 7.b3 g6 8.Bb2 Bg7
9.c3 O-O 10.d4 cxd4 11.cxd4 d5 12.Ne5 Qc8 13.Nxc6 Qxc6 14.e5 Ne8 15.Nc3 Nc7
16.Rc1 Qd7 17.Qf3 Rac8 18.a4 Rfd8 19.Qd3 Bh6 20.Rcd1 Qf5 21.Qxf5 gxf5 22.Bc1 f4
23.Ne2 Ne6 24.g3 Ng5 25.Rd3 f3 26.Bxg5 Bxg5 27.Rxf3 Bd2 28.Rd1 Rc2 29.Rd3 Ba5
30.Nf4 e6 31.Nh5 Rdc8 32.Nf6+ Kg7 33.Rf3 Bd2 34.Kg2 R8c3 35.Rxd2  1-0

[Event "DEN-chT 9697"]
[Site "?"]
[Date "1997.??.??"]
[Round "7"]
[White "Pedersen, Jan"]
[Black "Kristensen, Bjarke"]
[Result "1/2-1/2"]
[WhiteElo "2335"]
[BlackElo "2420"]

1.e4 c5 2.Nf3 d6 3.Bb5+ Nd7 4.O-O a6 5.Bxd7+ Bxd7 6.h3 Nf6 7.e5 dxe5 8.Nxe5 e6
9.d3 Rc8 10.Nc3 Be7 11.Qf3 Bc6 12.Nxc6 Rxc6 13.Bg5 h6 14.Bf4 O-O 15.Rfe1 Qc8
16.b3 Rd8 17.Ne4 Rd5 18.c4 Rd7 19.Be5 Qd8 20.Rad1 Nxe4 21.dxe4 Bd6 22.Bc3 Rc8
23.g3 Be7 24.Rxd7 Qxd7 25.Rd1 Qc7 26.Qg4 g6 27.Kg2 Rd8 28.Rxd8+ Bxd8 29.Qd1 Be7
30.Qd3 Bd6 31.Bf6 Be5 32.Qd8+ Qxd8 33.Bxd8 Kf8 34.Bb6 Bd4 35.f3 Ke7 36.Kf1 Kd6
37.Ke2 Be5 38.g4 Bf4 39.Kd3 Kc6 40.Bd8 Kd6 41.Ba5 Kc6 42.Bc3 Kd6 43.Bg7 Ke7
44.e5 h5 45.Bf6+ Kf8 46.Ke4 Bd2 47.Bh4 Kg7 48.Be7 Bb4 49.Bg5 Ba3 50.Be3 Kh7
51.Kf4 Kh6 52.Kg3+ Kg7 53.Kh4 hxg4 54.fxg4 Bb2 55.Bf4 Bc3 56.Kg3 Be1+ 57.Kf3 Bh4
58.Be3 Be7 59.h4 Bxh4 60.Bxc5 f5 61.exf6+ Bxf6 62.Be3 Kf7 63.Ke4 Ke7 64.a4 Bc3
65.Bd4 Bb4 66.Be5 Kd7 67.Bd4 Ke7 68.Kd3 Kd6 69.Bg7 Kc6 70.Ke4 Kd7 71.Bd4  1/2-1/2

[Event "Dhaka"]
[Site "Dhaka"]
[Date "1997.??.??"]
[Round "6"]
[White "Malisauskas, Vidmantas"]
[Black "Tiviakov, Sergei"]
[Result "1/2-1/2"]
[WhiteElo "2530"]
[BlackElo "2600"]

1.e4 c5 2.Nf3 d6 3.Bb5+ Bd7 4.Bxd7+ Nxd7 5.O-O Ngf6 6.Re1 e6 7.b3 g6 8.Bb2 Bg7
9.d4 cxd4 10.Nxd4 a6  1/2-1/2

[Event "Dhaka"]
[Site "Dhaka"]
[Date "1997.??.??"]
[Round "11"]
[White "Lovlu, Saifuddi"]
[Black "Szekely, Peter"]
[Result "0-1"]
[WhiteElo "2280"]
[BlackElo "2455"]

1.e4 c5 2.Nf3 d6 3.Bb5+ Bd7 4.Bxd7+ Qxd7 5.c4 Nf6 6.Nc3 Nc6 7.O-O g6 8.d4 cxd4
9.Nxd4 Bg7 10.Nc2 O-O 11.Bd2 e6 12.Qe2 a6 13.Rfd1 Qe7 14.Be3 Rac8 15.Qd2 Ng4
16.Bg5 Qc7 17.h3 Nge5 18.Ne3 f6 19.Bf4 Rfd8 20.Rac1 Kh8 21.Bg3 f5 22.exf5 gxf5
23.Bh4 Rg8 24.Kh1 Ng6 25.g3 Nxh4 26.gxh4 Nd4 27.f4 Bf6 28.Qf2 Qc6+ 29.Ng2 Rg7
30.Ne2 Rxg2  0-1

[Event "Dieren op"]
[Site "Dieren"]
[Date "1997.??.??"]
[Round "7"]
[White "Finkel, Alexander"]
[Black "Golod, Vitali"]
[Result "1/2-1/2"]
[WhiteElo "2470"]
[BlackElo "2515"]

1.e4 c5 2.Nf3 d6 3.Bb5+ Bd7 4.Bxd7+ Qxd7 5.c4 Nc6 6.Nc3 g6 7.d4 cxd4 8.Nxd4 Bg7
9.Be3 Nf6 10.f3 O-O 11.O-O Rac8 12.b3 Rfd8 13.Qd2 Qc7 14.Rfd1 Qa5  1/2-1/2

[Event "Dresden (Women)"]
[Site "Dresden"]
[Date "1997.??.??"]
[Round "1"]
[White "Ankerst, Milka"]
[Black "Virnik, Elena"]
[Result "1/2-1/2"]
[WhiteElo "2170"]
[BlackElo "2185"]

1.e4 c5 2.Nf3 d6 3.Bb5+ Nd7 4.c3 Nf6 5.Qe2 a6 6.Ba4 e6 7.O-O Be7 8.d4 O-O
9.Re1 Re8 10.Nbd2 cxd4 11.cxd4 b5 12.Bc2 Qc7 13.Nf1 Nf8 14.Ng3 Bb7 15.h3 Rac8
16.Bd3 Ng6 17.Bd2 e5 18.a4 d5 19.axb5 dxe4 20.Nxe4 Nxe4 21.Bxe4 Bxe4 22.Qxe4 axb5
23.Rac1 Qd7 24.Nxe5 Nxe5 25.Qxe5 Bf6 26.Rc7 Rxe5 27.Rxd7 Rxe1+ 28.Bxe1 Rc1
29.Kf1 h6 30.d5 Bxb2 31.Ke2 Bc3 32.Bxc3 Rxc3 33.Rd8+ Kh7 34.d6 Rc6 35.Kd3 b4
36.d7 Kg6 37.Kd4 Kf6 38.Rb8 Rd6+ 39.Ke4 Rxd7 40.Rxb4 Rd6 41.f4 g6  1/2-1/2

[Event "Dresden (Women)"]
[Site "Dresden"]
[Date "1997.??.??"]
[Round "8"]
[White "Ankerst, Milka"]
[Black "Paehtz, Elisabeth"]
[Result "1-0"]
[WhiteElo "2170"]
[BlackElo "2175"]

1.e4 c5 2.Nf3 d6 3.Bb5+ Nd7 4.O-O Nf6 5.Re1 a6 6.Bf1 e5 7.c3 Be7 8.d4 O-O
9.dxe5 dxe5 10.Nbd2 Qc7 11.Qc2 Re8 12.a4 b6 13.Bc4 h6 14.Qb3 Rf8 15.Nh4 b5
16.Ng6 Nb6 17.Nxe7+ Qxe7 18.axb5 Nxc4 19.Nxc4 Be6 20.Rxa6 Qb7 21.Qa4 Nd7
22.Nd6 Rxa6 23.bxa6 Qb6 24.Nb5 Ra8 25.a7 Qb7 26.Nd6 Rxa7 27.Nxb7 Rxa4 28.f3 Bb3
29.Kf2 Ra7 30.Nd6 Nb6 31.Be3 Na4 32.Ra1 Rd7 33.Nc4 f6 34.Na5 Bd1 35.Ke1 Bc2
36.Rc1 Bd3 37.b3 Nb2 38.Ra1 c4 39.Ra2 Nd1 40.Kxd1 Bf1+ 41.Rd2  1-0

[Event "ROM-chT"]
[Site "Eforie Nord"]
[Date "1997.??.??"]
[Round "?"]
[White "Cioara, Andrei Nestor"]
[Black "Navrotescu, Catalin"]
[Result "1/2-1/2"]
[WhiteElo "2285"]
[BlackElo "2425"]

1.e4 c5 2.Nf3 d6 3.Bb5+ Bd7 4.Bxd7+ Qxd7 5.c4 g6 6.Nc3 Bg7 7.d4 cxd4 8.Nxd4 Nc6
9.Nde2 Nf6 10.f3 a6 11.a4 Qd8 12.Be3 O-O 13.O-O Nd7 14.b3 Rc8 15.Rb1 Nc5
16.Kh1 Re8 17.Bg5 Ne6  1/2-1/2

[Event "ROM-ch op (Women)"]
[Site "Eforie Nord"]
[Date "1997.??.??"]
[Round "?"]
[White "Manu, Daniela"]
[Black "Caravan, Mariana"]
[Result "1/2-1/2"]
[WhiteElo "2025"]
[BlackElo "2170"]

1.e4 c5 2.Nf3 d6 3.Bb5+ Bd7 4.Bxd7+ Nxd7 5.O-O Ngf6 6.Re1 g6 7.c3 Bg7 8.d4 O-O
9.e5 dxe5 10.dxe5 Ng4 11.e6 fxe6 12.Ng5 Nxf2 13.Qb3 Qb6 14.Qxe6+ Qxe6 15.Nxe6 Rf7
16.Ng5 Rf5 17.Rxe7 Nd3 18.Rxd7 Nxc1 19.Nf3 Re8 20.Nbd2 Ne2+ 21.Kh1 Rf7 22.Rxf7 Kxf7
23.g3 b5 24.Ng5+ Kg8 25.Nde4 h6 26.Nd6 Rd8 27.Nge4 b4 28.Re1 bxc3 29.Rxe2 cxb2
30.Re1 Rb8 31.Rb1 Bd4 32.Nc4 Rb4 33.Ned6 Rb8 34.Nd2 a5 35.N6c4 a4 36.a3 Bc3
37.Kg2 Rd8 38.Ne4 Bd4 39.Kf3 Kf7 40.Nxb2 Rb8 41.Nd6+ Ke6 42.Ndc4 Kd5 43.Rd1 Rf8+
44.Kg2 Rf2+ 45.Kh1 Rf3 46.Nb6+ Kc6 47.N2c4 Kb5 48.Rc1 Rc3 49.Rb1+ Rb3 50.Re1 Rc3
51.Rb1+ Rb3 52.Rc1 Rc3  1/2-1/2

[Event "ROM-ch op (Women)"]
[Site "Eforie Nord"]
[Date "1997.??.??"]
[Round "?"]
[White "Ionescu Brandis, Irina"]
[Black "Caravan, Mariana"]
[Result "0-1"]
[WhiteElo "2260"]
[BlackElo "2170"]

1.e4 c5 2.Nf3 d6 3.Bb5+ Bd7 4.Bxd7+ Nxd7 5.c4 Ngf6 6.Nc3 e6 7.O-O Be7 8.d4 cxd4
9.Nxd4 a6 10.Be3 O-O 11.b3 Rc8 12.Rc1 Qa5 13.Qd2 Qh5 14.f3 Rfd8 15.g4 Qa5
16.g5 Ne8 17.Nd5 Qxd2 18.Nxe7+ Kf8 19.Bxd2 Kxe7 20.f4 Nc5 21.Rce1 Kf8 22.f5 e5
23.Nc2 b5 24.Ba5 Rd7 25.Ne3 Nb7 26.Bd2 f6 27.Nd5 Rdd8 28.Rc1 bxc4 29.bxc4 Rb8
30.Rf3 Nc5 31.Rh3 Nxe4 32.Rxh7 Kg8 33.g6 Nxd2 34.Ne7+ Kf8 35.Nc6 Kg8 36.Ne7+ Kf8
37.Nc6 Kg8 38.Nxd8 Rxd8 39.Rc3 Rb8  0-1